000 00745nam a2200229Ia 4500
005 20250108125103.0
008 008 250107s9999 xx 000 0 hin d
020 _a978-93-95291-79-8
037 _aTB
040 _aCRL
_bhin
_cCRL
041 _ahin
_2hin
084 _aV44Q7 Q6
084 _qCRL
100 _aमाहेश्वरी, अरूण, ले.
245 0 _aविक्षोभ
_cमाहेश्वरी, अरूण, ले.
260 _aबीकानेर, भारत
_bसूर्य प्रकाशन मन्दिर
_c3261
300 _a99पृ0
365 _aINR
_b699
650 _aदर्शनशास्त्र
942 _cTB
_hV44Q7 Q6
999 _c1235649
_d1235649